| 000 | 00402cam a2200157ua 4500 | ||
|---|---|---|---|
| 003 | OSt | ||
| 008 | 250120b |||||||| |||| 00| 0 eng d | ||
| 020 | _a0-7069-2543-2 | ||
| 041 | _aeng | ||
| 082 |
_a621.371 _bSRI/TE |
||
| 100 |
_aSrivastava, A C . _96970 |
||
| 245 | _aTechniques of instrumentation / | ||
| 260 |
_aNew Delhi : _bVani Educational Books , _c1984. |
||
| 300 | _a218 ; . | ||
| 942 | _cBK | ||
| 999 |
_c10756 _d10756 |
||